00454 a2200145 4500003000500000005001700005040000900022082001100031245005100042440005100093538002100144650002100165999001900186952010300205Nust20170207154222.0 cNust a371.33 aCas Handling in a Chemical Environment (CD-50) aCas Handling in a Chemical Environment (CD-50) aDuration Mins 13 aCD No 394cCD-50 c195334d195334 00102ddc40708NFICaMCSbMCSd2016-12-12l0o371.33 CASpMCSCD-50r2016-12-08w2016-12-12yBK